1362 1253 1453 1924 1704 1776 1553 1803 1078 1137 1380 1108 1113 1344 1431 1327 1642 1801 1633 1575 1891 1667 1971 1811 1271 1485 1054 1800 1914 1666 1901 1137 1574 1637 1662 1542 1563 1996 1678 1583 1754 1600 1663 1977 1544 1920 1636 1987 1996 1415 1836 1210 1166 1933 1011 1794 1584 1574 1794 1823 1192 1782 1800 1037 1391 1454 1411 1626 1869 1421 1073 1645 1609 1904 1769 1740 1469 1791 1288 1064 1280 1907 1182 1268 1090 1931 1905 1821 1795 1916 1451 1526 1175 1188 1144 1144 1772 1115 1584 BCNSPRNW ULIB Ver.6.0+V

เปลี่ยนเป็นภาษาไทย

Change to English
 แสดงรายละเอียดบรรณานุกรม
  กลับหน้าหลัก

Brief Record : Get Marc (ISO 2709) : E-mail record : QR code < ปิดหน้าต่าง
LEADER : 00000nam 2200000uu 4500
001    13399112691
003     ULIB
008    110627s2553||||th 000 0 tha d
020    9786160600908
090    นว.^bน189ค 2553
100 0  นภชล
245 00 ความรู้สึกดีที่เรียกว่ารัก : ต่างมุมรัก/^cนภชล
250    พิมพ์ครั้งที่ 2
260    กรุงเทพฯ :^bแจ่มใส,^c2553
300    278 หน้า
710 1  แจ่มใส
945    ^p199^l0^i028069
995    ทศพร
999 ^a ใช้งานได้ทุกระบบ
รายการนี้ยังไม่มีแท็ก
คุณยังไม่ได้ล็อกอิน คุณสามารถมีกิจกรรมร่วมกับเว็บไซต์ได้ แต่ต้องล็อกอินก่อน ::
  ล็อกอิน

รายการสื่อสารสนเทศ

ลำดับที่ ประเภท เลขเรียก/บาร์โค้ด สถานที่ สถานะ
- ไม่พบข้อมูล -

รายการใกล้เคียง
    ผู้แต่ง [นภชล]

BibComment


ยังไม่เคยถูกคอมเมนท์

คอมเมนท์ทรัพยากรรายการนี้
  คอมเมนท์: ความรู้สึกดีที่เร..


 Copyright 2026. Bcnsprnw @Library